Consequence of Ageing in a Tribal Society and its cultural age construct/ (Record no. 171835)

MARC details
000 -LEADER
fixed length control field 00643nam a2200217 4500
005 - DATE AND TIME OF LATEST TRANSACTION
control field 20200121162302.0
010 ## - LCCN (DPL NO)
LC control number ENG-127492
020 ## - INTERNATIONAL STANDARD BOOK NUMBER
Terms of availability 480.00
International Standard Book Number 9788194143727
035 ## - SYSTEM CONTROL NUMBER
System control number EN-111024
037 ## - SOURCE OF ACQUISITION
Source of stock number/acquisition DBAD/PUB
082 ## - DEWEY DECIMAL CLASSIFICATION NUMBER
Classification number 306
100 ## - MAIN ENTRY--PERSONAL NAME
Personal name Basu,Saumitra
245 ## - TITLE STATEMENT
Title Consequence of Ageing in a Tribal Society and its cultural age construct/
Statement of responsibility, etc by Saumitra Basu
260 ## - PUBLICATION, DISTRIBUTION, ETC. (IMPRINT)
Place of publication, distribution, etc Kolkata
Name of publisher, distributor, etc The Asiatic Society
Date of publication, distribution, etc 2019
270 ## - ADDRESS
Address 1 Park Street
City Kolkata
Postal code 700016
300 ## - PHYSICAL DESCRIPTION
Extent xvi;243p.
Dimensions 22cm(hb)
700 ## - ADDED ENTRY--PERSONAL NAME
Personal name Devy,Ganesh
700 ## - ADDED ENTRY--PERSONAL NAME
Personal name Mehta,Naushil
700 ## - ADDED ENTRY--PERSONAL NAME
Personal name Srinivasan,Bina
942 ## - ADDED ENTRY ELEMENTS (KOHA)
Source of classification or shelving scheme Dewey Decimal Classification
Item type English Books
Classification part 133.334
Call number suffix SHA
Holdings
Withdrawn status Lost status Not for loan Collection code Home library Current library Date acquired Source of acquisition Cost, normal purchase price Full call number Barcode Copy number Cost, replacement price Koha item type
      Non-fiction Sarojini Nagar Sarojini Nagar 21/01/2020 DBAD/PUB 480.00 133.334 SHA EN-111024 1 480.00 English Books

© Delhi Public Library
Hit Counter
free hit counter